| 000 | 00727nam a2200229Ia 4500 | ||
|---|---|---|---|
| 001 | 17173 | ||
| 003 | GE_BSU | ||
| 008 | 181216s||||||||xx |||||||||||||| ||und|| | ||
| 040 | _cGE_BSU | ||
| 080 | _a821.161.1 | ||
| 100 | _aპუშკინი, ა.ს. | ||
| 245 | _aრჩეული ნაწერები : 4 ტომად. ტ. 4 | ||
| 245 | _cრედ. გ. ქიქოძე | ||
| 260 | _aთბილისი | ||
| 260 | _bსახელგამი | ||
| 260 | _c1951 | ||
| 300 | _a416 გვ. 23სმ | ||
| 300 | _eდანართი: შენიშვნები გვ. 403-413 | ||
| 653 | _aმოთხრობა | ||
| 653 | _aრჩეული ნაწერები | ||
| 942 | _cBK | ||
| 999 |
_c50235 _d50235 |
||